| 000 | 00476nam a22001577a 4500 | ||
|---|---|---|---|
| 020 | _a81-21*-2380-8 | ||
| 082 |
_a823 _bTWA/A |
||
| 100 | _aTWAIN, MARK | ||
| 245 |
_aTHE ADVENTURES OF HUCKLEBERRY FINN _bGREAT STORIES IN EASY ENGLISH |
||
| 246 |
_aTHE ADVENTURES OF HUCKLEBERRY FINN _bGREAT STORIES IN EASY ENGLISH |
||
| 260 |
_aDELHI _bS CHAND & CO. DELHI |
||
| 300 | _a154 | ||
| 520 | _aGREAT STORIES IN EASY ENGLISH | ||
| 650 | _aGREAT STORIES IN EASY ENGLISH | ||
| 942 | _cBK | ||
| 999 |
_c2869 _d2869 |
||